| 000 | 00672nam a2200205Ia 4500 | ||
|---|---|---|---|
| 003 | IN-BaIIA | ||
| 008 | 211028s9999 xx 000 0 eng d | ||
| 020 | _a0-86101-075-2 | ||
| 040 | _cIIA Library | ||
| 080 |
_a031:52-87 _bGAT |
||
| 100 |
_aGatland, Kenneth _913430 |
||
| 245 | 4 |
_aThe Illustrated encyclopaedia of space technology _ba comprehensive history of space exploration _cKenneth Gatland |
|
| 260 |
_aLondon _bSalamander _c1982 |
||
| 300 | _a293p. | ||
| 650 |
_aEncyclopedia-Space Technology _913431 |
||
| 650 | _aNASA Thesaurus | ||
| 650 |
_aSpace Exploration _95072 |
||
| 650 |
_aSpace Research _93844 |
||
| 942 | _cBK | ||
| 999 |
_c7960 _d7960 |
||